Religion in contemporary Japan
Guardat en:
| Autor principal: | |
|---|---|
| Format: | Llibre |
| Idioma: | anglès |
| Publicat: |
Londres
MacMillan
1991
|
| Matèries: | |
| Etiquetes: |
Afegir etiqueta
Sense etiquetes, Sigues el primer a etiquetar aquest registre!
|
MARC
| LEADER | 00000nam a2200000 a 4500 | ||
|---|---|---|---|
| 001 | UCX9718 | ||
| 003 | CL-VaPUC | ||
| 008 | 940622e19910000UK |||||||||||||||||eng|d | ||
| 082 | 0 | 4 | |a 299.56 |b REA |2 21 |
| 100 | 0 | |a Reader, Ian |e author |9 327190 | |
| 245 | 1 | 0 | |a Religion in contemporary Japan |
| 300 | |a 277 p | ||
| 942 | |c BK | ||
| 945 | |d 19940622 00:00:00 |a aalvarez | ||
| 260 | |a Londres |b MacMillan |c 1991 | ||
| 650 | 0 | |a Religión |9 255164 | |
| 651 | 0 | |a Japón |9 260391 | |
| 583 | |a last modification |c 19940622 00:00:00 |k Rodrigo Vera | ||
| 999 | |c 228881 |d 228879 | ||
| 952 | |0 0 |1 0 |4 0 |6 299_560000000000000_REA_1991 |7 0 |8 A |9 229365 |a BIBGIM |b BIBGIM |d 2019-11-15 |i 2985322 |o 299.56 REA 1991 |p 2985322 |r 2025-01-15 |w 2019-11-15 |y BK |k ORI | ||